Laboratory manual of fluid mechanics and machines
Salvato in:
| Autore principale: | |
|---|---|
| Natura: | Libro |
| Lingua: | inglese |
| Pubblicazione: |
CBS Publishers
1990
|
| Tags: |
Aggiungi Tag
Nessun Tag, puoi essere il primo ad aggiungerne!!
|
MARC
| LEADER | 00000nam a22000007a 4500 | ||
|---|---|---|---|
| 008 | 240105b |||||||| |||| 00| 0 eng d | ||
| 020 | |a 8123900090 | ||
| 100 | |a GUPTA, V.P. |a Chandra, J. |a Gupta, K.S. | ||
| 245 | |a Laboratory manual of fluid mechanics and machines |c /V.P.Gupta, J.Channdra, K.S.Gupta |g 158p | ||
| 260 | |b CBS Publishers |c 1990 |h New Delhi |i 701281 |i 701282 |l QA901.G95 |m fluid mechanics- Handbooks, manuas etc. |m Mechanical engineering | ||
| 942 | |a lcc |c BK |e Johnson |f 05/1/24 | ||
| 952 | |0 0 |1 0 |2 ddc |4 0 |6 QA_901_000000000000000_G95 |7 0 |9 4758 |a SL |b HOL |c QZ |d 2024-01-05 |l 0 |o QA901.G95 |p 2024-0012 |r 2024-01-05 00:00:00 |t 701281 |w 2024-01-05 |y BK | ||
| 952 | |0 0 |1 0 |2 lcc |4 0 |6 QA0901 G95 |7 0 |9 4759 |a HOL |b HOL |c QZ |d 2024-01-05 |l 0 |o QA901.G95 |p 2024-0013 |r 2024-01-05 00:00:00 |t 701281 |w 2024-01-05 |y BK | ||
| 999 | |c 2384 |d 2384 | ||